| 000 | 01519cam a2200385 i 4500 | ||
|---|---|---|---|
| 999 |
_c200446234 _d64446 |
||
| 001 | 200446234 | ||
| 003 | TR-AnTOB | ||
| 005 | 20240810073811.0 | ||
| 007 | ta | ||
| 008 | 010413s2001 tu d b 00000 tur d | ||
| 020 |
_a9751926378 _q(paperback) |
||
| 035 | _a(TR-AnTOB)200446234 | ||
| 040 |
_aSULEY _beng _erda _cSULEY _dTR-AnTOB |
||
| 041 | 0 | _atur | |
| 050 | 1 | 4 |
_aHB3633.4.A3 _bN84 2001 |
| 090 |
_aHB3633.4.A3 _bN84 2001 |
||
| 110 | 2 |
_aDevlet Planlama Teşkilatı (Türkiye) _934114 |
|
| 245 | 1 | 0 |
_aNüfus, demografi yapısı, göç özel ihtisas komisyonu raporu / _cDPT. |
| 246 | 3 | 6 | _aSekizinci beş yıllık kalkınma planı Özel İhtisas Komisyonu raporu : Nüfus, demografi yapısı, göç |
| 264 | 1 |
_aAnkara : _bDPT, _c2001. |
|
| 300 |
_ax, 177 pages : _btables ; _c27 cm |
||
| 336 |
_atext _btxt _2rdacontent |
||
| 337 |
_aunmediated _bn _2rdamedia |
||
| 338 |
_avolume _bnc _2rdacarrier |
||
| 490 | 0 |
_aSekizinci beş yıllık kalkınma planı ; _vyayın no :DPT. 2556-ÖİK.572 |
|
| 504 | _aBIB | ||
| 651 | 7 |
_aTürkiye _vNüfus sayımı _2etuturkob _9135053 |
|
| 651 | 7 |
_aTürkiye _xNüfus _2etuturkob _913338 |
|
| 651 | 7 |
_aTürkiye _xEkonomik durum _y1960- _2etuturkob _965270 |
|
| 651 | 7 |
_aTürkiye _xSosyal durum _y1960- _2etuturkob _9119795 |
|
| 856 | 4 | 1 |
_3Online access link to the resource _uhttps://www.sbb.gov.tr/wp-content/uploads/2022/08/Sekizinci-Bes-Yillik-Kalkinma-Plani-Nufus-Demografi-Yapisi-Goc-OIK-Raporu.pdf |
| 942 |
_2lcc _cBK |
||